[Event "Perth Metro CC-chD"]
[Site "Perth"]
[Date "2006.04.20"]
[Round "3"]
[White "Bailye, Ron"]
[Black "Clapin, A."]
[Result "0-1"]
[WhiteElo "1213"]
[BlackElo "1163"]
[PlyCount "120"]
[EventDate "2006.02.02"]
[EventType "tourn"]
[EventRounds "9"]
[EventCountry "AUS"]
[SourceTitle "EXT 2010"]
[Source "ChessBase"]
[SourceDate "2010.11.25"]
[SourceVersion "1"]
[SourceVersionDate "2010.11.25"]
[SourceQuality "1"]

1. e4 c5 2. Nf3 d6 3. Bc4 e6 4. a3 Nf6 5. Nc3 Nc6 6. d4 cxd4 7. Nxd4 a6 8. Bg5 Be7 9. 0-0 0-0 10. Re1 Qb6 11. Nxc6 Qxc6 12. Bb3 b5 13. Qe2 Bb7 14. f3 Qc5+ 15. Kh1 Qxg5 16. Qe3 Qe5 17. f4 Qh5 18. Qe2 Ng4 19. h3 Qh4 20. Qxg4 Qxg4 21. hxg4 Bh4 22. Re3 Bf2 23. Rh3 Rad8 24. Rf1 Bd4 25. Re1 Rfe8 26. Nd1 d5 27. c3 Bb6 28. e5 d4 29. cxd4 Rxd4 30. Bc2 Bxg2+ 31. Kxg2 Rd2+ 32. Kf1 Rxc2 33. Rc3 Rxc3 34. Nxc3 Rd8 35. Rc1 Be3 36. Rc2 Bxf4 37. Ne4 Bxe5 38. Ke2 Kf8 39. Rc6 Ra8 40. b3 Ke7 41. a4 bxa4 42. bxa4 Kd7 43. Rc4 Rc8 44. Rb4 Rc2+ 45. Kd3 Rc6 46. Ng5 f6 47. Nxh7 Rd6+ 48. Ke4 Ke7 49. g5 Rd7 50. gxf6+ gxf6 51. Kf3 Rd3+ 52. Kg4 Rd4+ 53. Rxd4 Bxd4 54. Kh5 Kf7 55. Kg4 Kg7 56. Ng5 fxg5 57. Kxg5 e5 58. Kf5 Kf7 59. Ke4 Ke7 60. Kd5 Kd7 0-1

[Event "Perth Metro CC-chD"]
[Site "Perth"]
[Date "2006.03.23"]
[Round "7"]
[White "Koch, L."]
[Black "Clapin, A."]
[Result "0-1"]
[WhiteElo "1135"]
[BlackElo "1163"]
[PlyCount "78"]
[EventDate "2006.02.02"]
[EventType "tourn"]
[EventRounds "9"]
[EventCountry "AUS"]
[SourceTitle "EXT 2010"]
[Source "ChessBase"]
[SourceDate "2010.11.25"]
[SourceVersion "1"]
[SourceVersionDate "2010.11.25"]
[SourceQuality "1"]

1. d4 d5 2. c4 e5 3. Nc3 Bb4 4. Bd2 exd4 5. Qa4+ Bd7 6. Qxb4 dxc3 7. Qxc3 Nf6 8. cxd5 0-0 9. Bg5 Na6 10. Bxf6 Qxf6 11. Qxf6 gxf6 12. Nf3 Rfe8 13. e3 Nb4 14. Nd4 Nxd5 15. Kd2 c5 16. Nf3 Rad8 17. Bc4 Nb4 18. Ke2 b5 19. Bb3 c4 20. Bd1 Bf5 21. Nd4 Rxd4 22. Kf3 Rd2 23. Re1 h5 24. e4 Bg4+ 25. Ke3 Rd3+ 26. Kf4 Nd5+ 27. exd5 Rxe1 28. Bc2 Rd4+ 29. Kg3 Rxa1 30. f3 Bd7 31. Be4 Rxa2 32. Kh4 Rxb2 33. Kxh5 c3 34. h4 c2 35. Bxc2 Rxc2 36. g4 Rxd5+ 37. g5 fxg5 38. f4 gxf4+ 39. Kh6 Rh2 0-1